000 00437nam a2200157 a 4500
001 000030815
005 20200930062527.0
008 110530s1975 dr 000 0 spa d
040 _aDO-SdBNP
_bspa
_cBNPHU
082 _axxxx
_bR918t
100 1 _aRueda, Manuel
_919958
245 1 0 _aCon el tambor de las islas :
_bpluralemas /
_cManuel Rueda.
260 _aSanto Domingo :
_bTaller,
_c1975.
300 _a161 p. ;
_c25 cm.
049 _aBNPD
999 _c30307
_d30307